La virgen negra / (Registro nro. 2781)

Detalles MARC
000 -LEADER
fixed length control field 01532nam a2200205 a 4500
008 - CAMPO DE CONTROL (LIBRO)
fixed length control field 161216e2001 ag ||||g |||| 000 1 spa d
020 ## - INTERNATIONAL STANDARD BOOK NUMBER
ISBN 950042262X
041 ## - CODIGO DE IDIOMA
Código de idioma del texto/pista de sonido o título separado spa
092 ## - SIGNATURA TOPOGRAFICA DEWEY LOCAL
número de clasificación 808
libristica 22
sección ERM
100 1# - ENTRADA PRINCIPAL--NOMBRE PERSONAL
Nombre personal Ermelino, Louisa
9 (RLIN) 3945
245 #3 - TITULO PROPIAMENTE DICHO
Título La virgen negra /
Mención de responsabilidad y remanente de la transcripción de la portada Louisa Ermelino
250 ## - MENCION DE EDICION
Mención de edición 1a ed.
Mención de responsabilidad relacionada con la ed. Traducción Santiago Llach
260 ## - PIE DE IMPRENTA
Lugar de publicación, distribución, etc Buenos Aires:
Nombre de la editorial, distribuidor, etc Emecé;
Fecha de publicación 2001.
300 ## - DESCRIPCION FISICA
Extension 232 p.
Dimensiones 23x15 cm.
500 ## - NOTA GENERAL
Nota general Ermelino, L. (2001). La virgen negra. (1a ed.). Buenos Aires : Emecé.
505 ## - NOTA DE CONTENIDO
Nota de contenido formateada La virgen negra protegió siempre a los habitantes de las montañas del sur de Italia, y algunos dicen que ha seguido a su gente, a través del mar, hasta América. ¿Qué otra cosa puede explicar la magia y los milagros de la calle Spring? Teresa, cuyo hijo sufrió un accidente que le impide caminar, tiene una estampa de la Virgen escondida entre su ropa. Magdalena logra que cualquier hombre se enamore de ella, incluido su hijastro, rezando secretamente ante la Imagen. Y Antoinette, quien después de poner un retrato de la virgen en su cocina, da a luz a Jumbo, el bebé mas grande del vecindario. Sus personajes vibrantes y entrañables que disfrutan sus vidas, luchan contra la adversidad y transmiten la sabiduría popular como si fuera una reliquia. La Virgen Negra es una novela que celebra las imágenes, los sonidos, los olores y el humor de los inmigrantes italianos en América.
590 ## - NOTAS LOCALES (RLIN)
Nota local Proyecto 4to libro. Donación Victoria Lara, Mayo 2018.
655 ## - MATERIA - GENERO/FORMA
Género/Forma Literatura
-- 2917
942 ## - ADDED ENTRY ELEMENTS (KOHA)
Source of classification or shelving scheme Dewey Decimal Classification
Item type LITERATURA
Existencias
Estado de retiro Existencia Fuente de clasificación Estado general No para prestamo Ubicación permanente ubicación actual Sala de ubicación Fecha de adquisición Fuente de adquisición Total Checkouts Número de clasificación Código de barras Date last seen Número de ejemplar Price effective from Koha tipo de elemento (item) Public note
    Dewey Decimal Classification     Biblioteca Medicina Biblioteca Medicina Circulación 24/05/2018 Donación Victoria Lara, mayo 2018   808 22 ERM 4295 24/05/2018 Ej. 1 24/05/2018 LITERATURA Proyecto 4to libro. Donación Victoria Lara, mayo 2018

UNIVERSIDAD NACIONAL DEL COMAHUE
Biblioteca de la Facultad de Ciencias Médicas
Sede Toschi: Los Arrayanes y Av. Toschi, Cipolletti  - Rio Negro
Sede Los Tordos:  Yrigoyen al 2211, Cipolletti - Rio Negro 

Teléfono: 0299 - 4774707 int 25
Contacto: biblioteca@facimed.uncoma.edu.ar
© 2011 - 2026